Statistiken für Top 15 Länder mit Covid-19-Todesfällen - 11. Mai 2022

Klicken Sie hier um das Quiz zu spielen!

Allgemein

  • Dieses Quiz wurde 34 mal gespielt
  • Das Durchschnittsergebnis liegt bei 13 aus 27

Antwortstatistiken

Land% Korrekt
Deutschland
97%
Italien
94%
Vereinigte Staaten
94%
Frankreich
87%
Vereinigtes Königreich
87%
Indien
84%
Brasilien
77%
Argentinien
74%
Russland
74%
Polen
71%
Mexiko
68%
Indonesien
48%
Kolumbien
42%
Tschechien
39%
Peru
35%
Iran
29%
Kroatien
29%
Slowakei
26%
Slowenien
26%
Ungarn
26%
Bosnien und Herzegowina
19%
Bulgarien
19%
Rumänien
19%
Lettland
13%
Nordmazedonien
10%
Georgien
6%
Litauen
6%

Verteilung der Resultate

Perzentil nach korrekt beantworteten Fragen

Anzahl Personen mit jedem Resultat

Ihre Resultats-Entwicklung

Sie haben dieses Quiz noch nicht gespielt